000 00602nam a2200205Ia 4500
005 20250508164546.0
008 008 250505s9999 xx 000 0 eng d
037 _aReference
040 _aFEDL
_beng
_cFEDL
041 _aeng
_2eng
084 _a370.954, NCE/RR
_qFEDL
245 0 _aCommittees and commissions on Indian education 1947-1977 : A bibliography
245 0 _cNCERT
260 _aNew Delhi, India
_bNCERT
_c1987
300 _axv,218p.
365 _aINR
_b31
546 _aAcc No. 083417 is MACESE book
942 _cREF
_h370.954, NCE/RR
999 _c1389791
_d1389791